| 000 | 01080nam a2200265 i 4500 | ||
|---|---|---|---|
| 001 | bg | ||
| 100 | 1 | _aKram, Edward. | |
| 245 | 0 | 0 |
_aSystem informatyczny zarządzania : _bprojekt koncepcji systemu : identyfikacja funkcji systemu metodą macierzowo-funkcjonalną / _cEdward Kram. |
| 260 |
_aToruń : _bTowarzystwo Naukowe Organizacji i Kierownictwa "Dom Organizatora", _c2007. |
||
| 300 |
_a280 s. : _bil. ; _c24 cm. |
||
| 500 | _aNa 4 s. okładki błędnie zapisany ISBN | ||
| 504 | _aBibliogr. s. 277-279. | ||
| 521 | 8 | _aDla analityków, projektantów, a także studentów wydziałów informatyki i zarządzania uczelni ekonomicznych i politechnicznych. | |
| 650 | 9 |
_aSystemy informatyczne zarządzania _xprojekty |
|
| 655 | _aPodręczniki akademickie | ||
| 020 |
_a9788372853486 _c8372853487 |
||
| 040 | _cBPK | ||
| 041 | 0 | _apol | |
| 044 | _aPOL | ||
| 080 | _a004.65:005:658(075.8) | ||
| 920 | _a978-83-7285-348-6 | ||
| 942 | _cKS | ||
| 008 | s pl f |000 0 pol | ||
| 999 |
_c55231 _d55231 |
||
| 856 |
_uhttp://koha.tu.koszalin.pl/cgi-bin/koha/opac-detail.pl?biblionumber=55231 _yKatalog online BPK |
||